Tesaurus Bahasa Melayu

Bibliographic Details
Main Author: Ainon Mohd
Format: Book
Published: Selangor : PTS Professional Sdn. Bhd , 2011
Edition:Edisi kedua
Subjects:

MARC

LEADER 00000cam a2200000 7i4500
001 0000039816
005 20140108.0
008 140108
020 |a 9673690596 
090 0 0 |a 499.2331   |b AIN 
100 0 |a Ainon Mohd 
245 1 0 |a Tesaurus Bahasa Melayu   |c Ainon Mohd & Abdullah Hassan 
250 |a Edisi kedua 
260 |a Selangor :   |b PTS Professional Sdn. Bhd ,   |c 2011 
650 0 |a Malay language   |x Dictionaries 
650 0 |a Malay language   |x Synonyms and antonyms   |x Dictionaries 
999 |a 0001262123   |b Book   |c Adult Collection   |e Cawangan Segamat